| 000 | 00332nam a2200121 a 4500 | ||
|---|---|---|---|
| 100 | 1 | _a Janjua,Pervez Zamarrad. | |
| 245 | 1 | 0 | _aPolicy framwork for public utilities / |
| 250 | _a1st ed. | ||
| 260 |
_aIslamabad : _bIIUI, _c2008. |
||
| 300 | _a178 p. ; | ||
| 856 | 4 | 0 | _uhttp://www.amazon.com/exec/obidos/ASIN/chopaconline-20 |
| 942 | _cBK | ||
| 999 |
_c10278 _d10278 |
||